Instructional technology and the school administrator (Record no. 59571)
[ view plain ]
| 000 -LEADER | |
|---|---|
| fixed length control field | 00615 a2200181 4500 |
| 082 ## - DEWEY DECIMAL CLASSIFICATION NUMBER | |
| Classification number | 371.3 |
| Item number | Am35i |
| 110 ## - MAIN ENTRY--CORPORATE NAME | |
| Corporate name or jurisdiction name as entry element | American Association of School Administrators |
| Subordinate unit | Committee on Technology and Instruction |
| 9 (RLIN) | 20326 |
| 245 ## - TITLE STATEMENT | |
| Title | Instructional technology and the school administrator |
| 260 ## - PUBLICATION, DISTRIBUTION, ETC. | |
| Place of publication, distribution, etc. | Washington, D.C. |
| Name of publisher, distributor, etc. | American Association of School Administrators |
| Date of publication, distribution, etc. | 1970 |
| 300 ## - PHYSICAL DESCRIPTION | |
| Extent | 146p. illus. |
| 504 ## - BIBLIOGRAPHY, ETC. NOTE | |
| Bibliography, etc. note | Includes bibliographies |
| 650 ## - SUBJECT ADDED ENTRY--TOPICAL TERM | |
| Topical term or geographic name entry element | Teaching aids |
| 9 (RLIN) | 7403 |
| 650 ## - SUBJECT ADDED ENTRY--TOPICAL TERM | |
| Topical term or geographic name entry element | Computers |
| 9 (RLIN) | 243 |
| 650 ## - SUBJECT ADDED ENTRY--TOPICAL TERM | |
| Topical term or geographic name entry element | Administrator |
| 9 (RLIN) | 20327 |
| 650 ## - SUBJECT ADDED ENTRY--TOPICAL TERM | |
| Topical term or geographic name entry element | Learning |
| 9 (RLIN) | 552 |
| 653 ## - INDEX TERM--UNCONTROLLED | |
| Uncontrolled term | Elementary education |
| 942 ## - ADDED ENTRY ELEMENTS (KOHA) | |
| Source of classification or shelving scheme | Dewey Decimal Classification |
| Koha item type | General Collections |
No items available.
